000
00369nam a22001457a 4500
008
230228b |||||||| |||| 00| 0 eng d
020
_a
978-0-330-51050-9
082
_a
863.64
100
_a
Roberto Bolano
245
_a
Nazi Literature in the Americas
260
_b
Picador,
_c
2010
300
_a
259 p.
_c
22 cm
942
_2
ddc
999
_c
9369
_d
9370